| 000 | 00409nam a2200169Ia 4500 | ||
|---|---|---|---|
| 005 | 20140426094554.0 | ||
| 008 | 140130s9999 xx 000 0 und d | ||
| 050 |
_aPZ 7 _b.W8606In 1991 |
||
| 245 |
_cWoodruff, Elvira _aGeorge Washington socks |
||
| 260 |
_bScholastic, _c1991 |
||
| 300 |
_a166 p. : _c21 cm. |
||
| 440 |
_v1 _931174 |
||
| 521 | _aG6 | ||
| 526 | _c840 | ||
| 942 |
_cBK _2lcc |
||
| 999 |
_c41211 _d41211 |
||